| 000 | 00000nam##2200000za#4500 |
| 001 | 9.641959 |
| 003 | CaOODSP |
| 005 | 20210624223451 |
| 007 | cr ||||||||||| |
| 008 | 150407|2010||||xxc|||||o f|0| 0 fre|d |
| 040 | |aCaOODSP|bfre |
| 043 | |an-cn--- |
| 086 | 1 |aCi34-3/2010F-PDF |
| 110 | 1 |aCanada. |bCitoyenneté et immigration Canada. |
| 245 | 10|aÉvaluation de l'Initiative de développement de collectivités accueillantes / |h[ressource électronique]|c[publié par la] Division de l'évaluation. |
| 260 | |aOttawa - Ontario : |bCitoyenneté et Immigration Canada |cAoût 2010. |
| 300 | |a84p.|bfigures en couleur, graphiques, références, tableaux |
| 500 | |aLe n° de catalogue (Ci34-3/2010F) et l'ISBN (978-1-100-96381-5) de l'édition imprimée ont été incorrectement copiés dans la version électronique. |
| 590 | |a13-15-Supp|b2013-06-24 |
| 691 | 07|aÉvaluation de programme|2gcpds |
| 691 | 07|aImmigration|2gcpds |
| 775 | 08|tEvaluation of the Welcoming Communities Initiative / |w(CaOODSP)9.697981 |
| 856 | 40|ahttp://publications.gc.ca|qPDF|s1.43 Mo|uhttps://publications.gc.ca/collections/collection_2013/cic/Ci34-3-2010-fra.pdf |
| 986 | |aER201103.05F |